Кафедральный собор Рождества Пресвятой Богородицы города Ростова-на-Дону (Запись № 13364493)

Подробности
000 -МАРКЕР
контрольное поле 01937nam0a2200385 4500
001 - ИДЕНТИФИКАТОР ЗАПИСИ
контрольное поле RU\NLR\BIBL_A\022462072
005 - ИДЕНТИФИКАТОР ВЕРСИИ
контрольное поле 20250228163933.0
010 ## - МЕЖДУНАРОДНЫЙ СТАНДАРТНЫЙ НОМЕР КНИГИ (ISBN)
Номер (ISBN) 978-5-6051414-0-2
Тираж 1000
021 ## - НОМЕР ГОСУДАРСТВЕННОЙ РЕГИСТРАЦИИ
Код страны Российская Федерация
Номер АЛ-П-24-001021
Номер Листа государственной регистраци АЛ-П-24-0215
035 ## - ДРУГИЕ СИСТЕМНЫЕ НОМЕРА
Идентификатор записи (NLR Aleph) 022462072
100 ## - ДАННЫЕ ОБЩЕЙ ОБРАБОТКИ
Данные общей обработки 20250219d2024 u y0rusy50 ca
101 0# - ЯЗЫК РЕСУРСА
Язык текста, звукозаписи и т.д. русский
102 ## - СТРАНА ПУБЛИКАЦИИ ИЛИ ПРОИЗВОДСТВА
Страна публикации Российская Федерация
105 ## - ПОЛЕ КОДИРОВАННЫХ ДАННЫХ: ТЕКСТОВЫЕ МАТЕРИАЛЫ, МОНОГРАФИЧЕСКИЕ
Кодированные данные о монографическом текстовом документе ac z 000yc
181 #0 - ПОЛЕ КОДИРОВАННЫХ ДАННЫХ: ВИД СОДЕРЖАНИЯ
Код вида содержания (ISBD) b3
Код характеристики содержания (ISBD) bb2e
181 #0 - ПОЛЕ КОДИРОВАННЫХ ДАННЫХ: ВИД СОДЕРЖАНИЯ
Код вида содержания (ISBD) i2
Код характеристики содержания (ISBD) axxe
182 #0 - ПОЛЕ КОДИРОВАННЫХ ДАННЫХ: ТИП СРЕДСТВА
Код типа средства (ISBD) n - непосредственное
200 1# - ЗАГЛАВИЕ И СВЕДЕНИЯ ОБ ОТВЕТСТВЕННОСТИ
Основное заглавие Кафедральный собор Рождества Пресвятой Богородицы города Ростова-на-Дону
Сведения, относящиеся к заглавию фотокнига
Первые сведения об ответственности Ростовская-на-Дону Епархия Русской Православной Церкви (Московский Патриархат)
Последующие сведения об ответственности [фотографы: Грибов Сергей Андреевич и др.]
203 ## - ВИД СОДЕРЖАНИЯ И ТИП СРЕДСТВА
Вид содержания Изображение
-- Текст
Дополнительные сведения об издании визуальные
Тип средства непосредственные
210 ## - ПУБЛИКАЦИЯ, РАСПРОСТРАНЕНИЕ И ДР.
Место издания, распространения и т.д. Москва
Имя издателя, распространителя и т. д. ЭйПиСиПаблишинг
Дата издания, распространения и т.д. 2024
215 ## - ФИЗИЧЕСКАЯ ХАРАКТЕРИСТИКА
Специфическое обозначение материала и объем 167 с.
Другие сведения о физической характеристике цв. ил., портр.
Размеры 30
300 ## - ОБЩИЕ ПРИМЕЧАНИЯ
Текст примечания Загл. обл.: Кафедральный собор
512 1# - ЗАГЛАВИЕ ОБЛОЖКИ
Заглавие обложки Кафедральный собор
601 02 - НАИМЕНОВАНИЕ ОРГАНИЗАЦИИ КАК ПРЕДМЕТ
Начальный элемент ввода Собор Рождества Пресвятой Богородицы
Идентифицирующий признак Ростов-на-Дону, город
Формальный подзаголовок Фотоальбомы
Системный номер авторитетной/нормативной записи 2508238
Идентификатор авторитетной/нормативной записи RU\NLR\AUTH\6601702281
686 2# - ИНДЕКСЫ ДРУГИХ КЛАССИФИКАЦИЙ
Индекс Э372.24-655.11я6
702 #1 - ИМЯ ЛИЦА - ВТОРИЧНАЯ ОТВЕТСТВЕННОСТЬ
Начальный элемент ввода Грибов
Часть имени, кроме начального элемента ввода С. А.
Расширение инициалов личного имени Сергей Андреевич
Код отношения Фотограф
711 02 - НАИМЕНОВАНИЕ ОРГАНИЗАЦИИ - АЛЬТЕРНАТИВНАЯ ОТВЕТСТВЕННОСТЬ
Начальный элемент ввода Собор Рождества Пресвятой Богородицы
Идентифицирующий признак Ростов-на-Дону
Системный номер авторитетной/нормативной записи 789363
Идентификатор авторитетной/нормативной записи RU\NLR\AUTH\880561087
712 02 - НАИМЕНОВАНИЕ ОРГАНИЗАЦИИ - ВТОРИЧНАЯ ОТВЕТСТВЕННОСТЬ
Код отношения Прочие
Начальный элемент ввода Ростовская-на-Дону епархия
Системный номер авторитетной/нормативной записи 2656316
Идентификатор авторитетной/нормативной записи RU\NLR\AUTH\880623948
942 ## - ДОПОЛНИТЕЛЬНЫЕ ЭЛЕМЕНТЫ ЗАПИСИ (АБИС)
Тип экземпляра АБИС Книга
980 ## - КОЛЛЕКЦИЯ
Название коллекции Национальная библиография
Экземпляры
Тип экземпляра Дата поступления Источник поступления Библиотека постоянного хранения Библиотека текущего хранения Место хранения Шифр хранения Штрих-код Статус экземпляра
Книга 19.02.2025 Обязательный экземпляр РНБ (Московский) РНБ (Московский) Русский книжный фонд: издания с 1957 года 2025-8/453 1-4830039  
Книга 19.02.2025 Обязательный экземпляр РНБ (Московский) РНБ (Московский) Русский книжный фонд: издания с 1957 года 2025-8/453 1-4830033